00388nam a2200133Ia 4500100002400000942000700024654002400031245003400055260003100089082001300120546001200133999001700145952009200162 aMinistry of Labour  cBK aRelations handbooks aIndustrial Relations Handbook bHer MajestysaLondonc1961 a331.0202 aENGLISH c20744d20744 001040708CRCaCRCEbCRCEd2023-03-17l0o331.0202 p4996r2023-03-17w2023-03-17yBK